00710nam a2200193 a 450000100100000000500170001000800410002704000250006808200180009310000340011124500900014526000760023530000100031150400320032158600520035365000330040565000540043865000240049200000875320240228142234.0090918s1992 dr 000 s spa d aDO-SdBNPbspacBNPHU aH865.1bM433d1 aMatos Moquete, Manuel,d1944-13aEl discurso teórico en literatura en América hispánica /cManuel Matos Moquete. aSanto Domingo :bUniversidad Nacional Pedro Henríquez Ureña,c1992. av. 2. aBibliografía : p. 300-312 aPremio Pedro Henríquez Ureña de Ensayo 1991 4aFilosofía de la literatura 4aLiteratura hispanoamericanaxHistoria y crítica 4aCrítica literaria